Popularne albumy rap/trap tygodnia 21-27.05 - Statystyki

Ogólne statystyki
  • Ten quiz został rozwiązany 7 razy
  • Średni wynik to 7 z 15
Statystyki odpowiedzi
Wykonawca Data Wydania Album % Poprawnych
Oki, Young Igi, Otsochodzi 7 maja 2021 OIO
83%
Białas & White 2115 7 maja 2021 Diamentowy Las
67%
Chivas 21 maja 2021 Nauczyłem Się Przeklinać
67%
Janusz Walczuk 30 kwietnia 2021 Janusz Walczuk
50%
Guzior 4 grudnia 2020 PLEŚŃ
50%
Sobel 16 kwietnia 2021 Pułapka Na Motyle
50%
White 2115 28 sierpnia 2020 Rockstar: Do Zachodu Słońca
50%
Żabson 1 lutego 2021 Ziomalski Mixtape
50%
Mata 17 stycznia 2020 100 dni do matury
33%
Bedoes & Lanek 29 listopada 2019 Opowieści Z Doliny Smoków
33%
Kizo 23 października 2020 Posejdon
33%
Bedoes & Lanek 15 stycznia 2021 Rewolucja Romantyczna
33%
Quebonafide 2 kwietnia 2020 Romantic Psycho
33%
Avi & Louis Villain 21 maja 2021 Akademia Sztuk Pięknych
17%
PRO8L3M 30 marca 2021 Fight Club
17%
Nie znaleziono quizów pasujących do podanych kryteriów
Rozkład punktacji
Procent ludzi z każdym wynikiem
Percentyl według liczby udzielonych odpowiedzi
Twoja historia wyników
Nie rozwiązałeś tego quizu